| 000 | 00385cam a2200157ua 4500 | ||
|---|---|---|---|
| 041 |
_aeng _h |
||
| 082 |
_a335.4 _bKAR/KA |
||
| 100 | _aMarx, Karl. | ||
| 245 | _aKarl marx and Frederick engels selected works, Vol 1 | ||
| 260 |
_aMoscow : _bForeign Language Publishing House , _c1962. |
||
| 300 | _a680 ; . | ||
| 500 | _aAnnex | ||
| 504 | _a | ||
| 942 | _cBK | ||
| 999 |
_c11142 _d11142 |
||